Modelling and computational approaches for multi-scale phenomena in cancer research : (Record no. 49728)

MARC details
000 -LEADER
fixed length control field 03337nam a2200469 a 4500
003 - CONTROL NUMBER IDENTIFIER
control field WSP
005 - DATE AND TIME OF LATEST TRANSACTION
control field 20260416153408.0
008 - FIXED-LENGTH DATA ELEMENTS--GENERAL INFORMATION
fixed length control field 240315s2025 nju ob 001 0 eng d
020 ## - INTERNATIONAL STANDARD BOOK NUMBER
International Standard Book Number 9781800614383
-- (ebook)
020 ## - INTERNATIONAL STANDARD BOOK NUMBER
International Standard Book Number 1800614381
-- (ebook)
020 ## - INTERNATIONAL STANDARD BOOK NUMBER
Cancelled/invalid ISBN 9781800614376
-- (hbk.)
020 ## - INTERNATIONAL STANDARD BOOK NUMBER
Cancelled/invalid ISBN 1800614373
-- (hbk.)
042 ## - AUTHENTICATION CODE
Authentication code pcc
072 #7 - SUBJECT CATEGORY CODE
Subject category code MAT
Subject category code subdivision 003000
Source bisacsh
072 #7 - SUBJECT CATEGORY CODE
Subject category code SCI
Subject category code subdivision 008000
Source bisacsh
072 #7 - SUBJECT CATEGORY CODE
Subject category code SCI
Subject category code subdivision 003000
Source bisacsh
082 00 - DEWEY DECIMAL CLASSIFICATION NUMBER
Classification number 616.99/40072
Edition number 23
049 ## - LOCAL HOLDINGS (OCLC)
Holding library MAIN
245 00 - TITLE STATEMENT
Title Modelling and computational approaches for multi-scale phenomena in cancer research :
Remainder of title from cancer evolution to cancer treatment /
Statement of responsibility, etc editors, Raluca Eftimie, Dumitru Trucu.
260 ## - PUBLICATION, DISTRIBUTION, ETC. (IMPRINT)
Place of publication, distribution, etc New Jersey :
Name of publisher, distributor, etc World Scientific Publishing,
Date of publication, distribution, etc ©2025.
300 ## - PHYSICAL DESCRIPTION
Extent 1 online resource (312 p.)
505 0# - FORMATTED CONTENTS NOTE
Contents Introduction: brief review of multiscale aspects in cancer -- Using Mathematical Models to Predict Glioblastoma Growth -- Multi-scale aspects of immune responses to solid cancers -- Modeling and Computational Approaches for Multiscale Phenomena in Cancer Research -- Modeling cell migration in cancer spread as a response to multi-cue heterogeneous environments -- Multiscale mathematical modelling and simulations of chemo-viro-therapies for cancer -- Spatio-Temporal-Structural Approaches in Cancer -- Malignant transformation of Low Grade Astrocytomas through a Mechano-Biological -- Brain tumour Evolution Backwards in Time via Reaction-Diffusion Models -- Epilogue.
520 ## - SUMMARY, ETC.
Summary, etc "Cancer development and progression is the result of biological phenomena that occur across multiple temporal and spatial scales. Recent years have seen a flurry of multi-scale mathematical models developed to generate and test new biological hypotheses related to cancer development, progression, and various treatment approaches. This led to the development of new computational and analytical approaches aimed at investigating these multiscale models. This review volume summarises some of the current state of the art related to the modelling, experimental investigation and data assimilation for multiscale phenomena during cancer development, evolution and treatment, as well as computational and analytical investigation of the multi-scale models developed to reproduce the biological phenomena. The book also identifies the experimental and theoretical open problems that will have to be addressed in the near future in order to advance this field. Modelling and Computational Approaches for Multi-scale Phenomena in Cancer Research is an excellent resource for both early career and advanced researchers"--
650 #0 - SUBJECT ADDED ENTRY--TOPICAL TERM
Topical term or geographic name as entry element Cancer
650 #0 - SUBJECT ADDED ENTRY--TOPICAL TERM
Topical term or geographic name as entry element Cancer
650 #0 - SUBJECT ADDED ENTRY--TOPICAL TERM
Topical term or geographic name as entry element Cancer
650 #0 - SUBJECT ADDED ENTRY--TOPICAL TERM
Topical term or geographic name as entry element Multiscale modeling.
650 #0 - SUBJECT ADDED ENTRY--TOPICAL TERM
Topical term or geographic name as entry element Biological models.
700 1# - ADDED ENTRY--PERSONAL NAME
Personal name Eftimie, Raluca.
700 1# - ADDED ENTRY--PERSONAL NAME
Personal name Trucu, Dumitru.
856 40 - ELECTRONIC LOCATION AND ACCESS
Uniform Resource Identifier <a href="https://www.worldscientific.com/worldscibooks/10.1142/q0424#t=toc">https://www.worldscientific.com/worldscibooks/10.1142/q0424#t=toc</a>
942 ## - ADDED ENTRY ELEMENTS (KOHA)
Koha item type Electronic Books
504 ## - BIBLIOGRAPHY, ETC. NOTE
Bibliography, etc Includes bibliographical references and index.
520 ## - SUMMARY, ETC.
-- Publisher's website.
538 ## - SYSTEM DETAILS NOTE
System details note Mode of access: World Wide Web.
538 ## - SYSTEM DETAILS NOTE
System details note System requirements: Adobe Acrobat reader.
650 #0 - SUBJECT ADDED ENTRY--TOPICAL TERM
General subdivision Research.
650 #0 - SUBJECT ADDED ENTRY--TOPICAL TERM
General subdivision Mathematical models.
650 #0 - SUBJECT ADDED ENTRY--TOPICAL TERM
General subdivision Computer simulation.
655 #0 - INDEX TERM--GENRE/FORM
Genre/form data or focus term Electronic books.
Holdings
Withdrawn status Lost status Source of classification or shelving scheme Damaged status Not for loan Home library Location Date of Cataloging Total Checkouts Full call number Barcode Date last seen Uniform Resource Identifier Price effective from Koha item type
    Dewey Decimal Classification     CUTN Central Library CUTN Central Library 16/04/2026   616.99/40072 EB04976 16/04/2026 https://doi.org/10.1142/q0424 16/04/2026 Electronic Books